Statistics for Resort Towns by Country Quiz

Click here to take the quiz!

General Stats

  • This quiz has been taken 27,575 times
    (22,202 since last reset)
  • The average score is 13 of 21

Answer Stats

Resort Town Country % Correct
CannesFrance
96%
SochiRussia
90%
IbizaSpain
90%
AspenUnited States
86%
BrightonUnited Kingdom
84%
PhuketThailand
77%
Denpasar (Bali)Indonesia
70%
CapriItaly
68%
Cabo San LucasMexico
66%
WhistlerCanada
65%
SantoriniGreece
63%
DubrovnikCroatia
62%
Sharm el-SheikhEgypt
57%
AntalyaTurkey
56%
Baden-BadenGermany
56%
Montego BayJamaica
53%
YaltaUkraine / Russia
44%
Porto SeguroBrazil
41%
DavosSwitzerland
40%
SpaBelgium
33%
Punta del EsteUruguay
17%

Score Distribution

Percentile by Number Answered

Percent of People with Each Score

Your Score History

You have not taken this quiz since the last reset